000 00799 a2200265 4500
003 CBULib
005 20240221064429.0
008 240109b |||||||| |||| 00| 0 eng d
020 _a9780323298889
040 _bEnglish
_cCBULib
_erda
041 _aeng
050 _aQP 303 Gre
100 _aGreene, David Paul
245 _aKinesiology : movement in the context of activity
_b/ by David Paul Greene and Susan L. Roberts
250 _aThird edition
260 _bElsevier,
_c2017
_aMissouri :
300 _axiii, 223 pages : illustrations
336 _2rdacontent
_aText |
_btxt
337 _2rdamedia
_aUnmediated |
_bn
338 _2rdacarrier
_aVolume
_bnc
650 0 _91511
_aHUMAN MECHANICS
650 0 _91512
_aKINESIOLOGY
700 _91513
_aRoberts, Susan L.
942 _2lcc
_c002
999 _c83635
_d83635